00487nam a2200133Ia 4500008004100000020001800041100001900059245009100078260003900169650001200208856004100220999001900261952007300280171212s9999 xx 000 0 und d a9780980672312 aMagarey, Susan cMagarey, SusanaUnbridling the Tongues of WomenbA biography of Catherine Helen Spence bUniversity of Adelaide Pressc2010 aHistory uhttp://jstor.org/stable/j.ctt1t304w0 c352954d352954 001040aCLbCLd2017-12-12l0r2017-12-12 00:00:00w2017-12-12yCBE